000
00326nam a22001337a 4500
005
20240105105810.0
008
240105b ||||| |||| 00| 0 eng d
040
_c
AL
041
_a
English
082
_2
23
_a
510.2433
_b
SASP
100
_a
Sastri and others
_9
147421
245
_a
Pre University Mathematics
942
_2
ddc
_c
BK
999
_c
229577
_d
229577